| 000 | 00801nam a2200265 i 4500 | ||
|---|---|---|---|
| 001 | C2-0275398 | ||
| 003 | PPAK | ||
| 005 | 20180728004216.0 | ||
| 008 | 061017s1995 nyua|||| ||||| | eng d | ||
| 020 | _a0786860707 | ||
| 040 |
_aPPAK _beng _cPPAK _erda |
||
| 082 | 0 | 4 |
_a741.580979494 _223 |
| 090 | 0 | 0 |
_a741.580979494 _bTHO _dRLCK |
| 100 | 1 |
_aThomas, Frank, _eauthor |
|
| 245 | 1 | 4 |
_aThe illusion of life : _bDisney animation |
| 250 | _a1st Hyperion ed. | ||
| 264 | 1 |
_aNew York : _bHyperion , _c[1995] |
|
| 300 |
_a575 pages : _bcolour illustrations ; _c29 cm |
||
| 336 |
_2rdacontent _atext |
||
| 337 |
_2rdamedia _aunmediated |
||
| 338 |
_2rdacarrier _avolume |
||
| 650 | 1 | 0 | _aWalt Disney Production ; Animated film - United State - History and criticism |
| 700 | _eauthor | ||
| 942 |
_ddc _cB |
||
| 999 |
_c83081 _d83081 |
||